logo

Bir Sreshtho Munshi Abdur Rouf Library
Jhenaidah Cadet College

The Nuclear age reader / (Record no. 9903)

MARC details
000 -LEADER
fixed length control field 01132pam a2200349 a 4500
001 - CONTROL NUMBER
JCCL Control Number 9903
003 - CONTROL NUMBER IDENTIFIER
JCCL marc code BD-JhCC
005 - DATE AND TIME OF LATEST TRANSACTION
control field 20180403122902.0
008 - FIXED-LENGTH DATA ELEMENTS--GENERAL INFORMATION
fixed length control field 180403s1989 nyua b 000 0 eng
020 ## - INTERNATIONAL STANDARD BOOK NUMBER
International Standard Book Number 0394382617 :
Terms of availability $20.00
035 ## - SYSTEM CONTROL NUMBER
system control number (BD-JhCC)9903
040 ## - CATALOGING SOURCE
Original cataloging agency DLC
Transcribing agency DLC
Modifying agency DLC
-- BD-JhCC
041 ## - LANGUAGE CODE
Language code of Book eng
050 00 - LIBRARY OF CONGRESS CALL NUMBER
Classification number U263
Item number .N72 1989
082 00 - DEWEY DECIMAL CLASSIFICATION NUMBER
Classification number 355/.0217
DDC Edition number 19
Author mark and Year NUC 1989
245 04 - TITLE STATEMENT
Title The Nuclear age reader /
Statement of responsibility, etc edited by Jeffrey Porro with Paul Doty, Carl Kaysen, and Jack Ruina.
250 ## - EDITION STATEMENT
Edition statement 1st ed.
260 ## - PUBLICATION, DISTRIBUTION, ETC. (IMPRINT)
Place of publication, distribution, etc New York :
Name of publisher, distributor, etc Knopf :
-- Distributed by Random House,
Date of publication, distribution, etc c1989.
300 ## - PHYSICAL DESCRIPTION
Pagination xvi, 541 p. :
Other physical details ill. ;
Dimensions 28 cm.
500 ## - GENERAL NOTE
General note "To accompany the PBS series War and peace in the nuclear age"--Cover.
500 ## - GENERAL NOTE
General note "An Annenberg/CPB Project."
504 ## - BIBLIOGRAPHY, ETC. NOTE
Bibliography, etc Includes bibliographies.
650 #0 - SUBJECT ADDED ENTRY--TOPICAL TERM
Topical term or geographic name as entry element Nuclear weapons.
650 #0 - SUBJECT ADDED ENTRY--TOPICAL TERM
Topical term or geographic name as entry element Nuclear warfare.
650 #0 - SUBJECT ADDED ENTRY--TOPICAL TERM
Topical term or geographic name as entry element World politics
Chronological subdivision 1945-1989.
650 #0 - SUBJECT ADDED ENTRY--TOPICAL TERM
Topical term or geographic name as entry element Nuclear arms control.
650 #0 - SUBJECT ADDED ENTRY--TOPICAL TERM
Topical term or geographic name as entry element Antinuclear movement.
700 1# - ADDED ENTRY--PERSONAL NAME
Personal name Porro, Jeffrey D.
730 0# - ADDED ENTRY--UNIFORM TITLE
Uniform title War and peace in the nuclear age (Television program)
942 ## - ADDED ENTRY ELEMENTS (KOHA)
Source of classification or shelving scheme Dewey Decimal Classification
Koha item type Books
Holdings
Source of classification or shelving scheme Damaged status Not for loan Home library Current library Shelving location Date of accession Total Checkouts Full call number Barcode Date last seen Copy number Koha item type
Dewey Decimal Classification     JCC Rouf Library JCC Rouf Library General Stacks 04/03/2018   355/.0217 NUC 1989 13402 04/03/2018 C-1 Books

JCC Library | Contacts | JCC Home

Last Update on 23 September 2017
Copyright @ 2017-2020 JCC Rouf Library
Rouf Library, Jhenidah Cadet College (JCC), Bangladesh